00289nam a22000977a 4500008004100000082001400041110001800055245007500073260003500148300000800183230620b xxu||||| |||| 00| 0 eng d a323.4bUN bUNESCO d1993 athe International Congress on Education for Human Rights and Democracy aMontreal, CanadabUNESCOc1993 a33p